Logos des équipes de Liga en 2023/2024 - Statistiques

Statistiques générales
  • Ce quiz a été pris 1 026 fois
  • Le résultat moyen est 14 sur 20
Statistiques - réponses
Par images Réponse % Correct
FC Barcelone
95%
Real Sociedad
95%
Real Madrid Club de Fùtbol
89%
Club Atlético de Madrid
88%
Valencia Club de Fùtbol
87%
Sevilla Fùtbol Club
86%
Athletic Club
84%
Villarreal Club de Fùtbol
78%
Getafe Club de Fùtbol
74%
Girona Futbol Club
74%
Grenade CF
73%
Celta de Vigo
67%
Club Atlético Osasuna
66%
RCD Majorque
59%
Real Betis Balompié
55%
Deportivo Alavès
51%
Rayo Vallecano de Madrid
51%
Cádiz Club de Fùtbol
50%
Unión Deportiva Almería
46%
Unión Deportiva Las Palmas
44%
Aucun quiz correspondant
Distribution des résultats
% des personnes avec chaque résultat
Percentile par nombre de réponses
Votre historique - résultats
Vous n’avez pas pris ce quiz